| 000 | 02613cam a22003738i 4500 | ||
|---|---|---|---|
| 001 | 22790103 | ||
| 003 | NUST | ||
| 005 | 20240605115136.0 | ||
| 008 | 220914s2023 nyu b 001 0 eng | ||
| 010 | _a 2022026120 | ||
| 020 | _a9781032076300 | ||
| 038 | _aMalang Jan | ||
| 040 |
_aDLC _beng _erda _cDLC |
||
| 042 | _apcc | ||
| 050 | 0 | 0 |
_aSB472.47 _b.Z39 2023 |
| 082 | 0 | 0 | _a712.0113 |
| 100 | 1 |
_aZawarus, Phillip, _eauthor. _9123263 |
|
| 245 | 1 | 0 |
_aLandscape performance modelling using Rhino and Grasshopper / _cPhillip Zawarus. |
| 263 | _a2212 | ||
| 264 | 1 |
_aNew York, NY : _bRoutledge, _c2023. |
|
| 300 |
_a290p.: _bill; _c25cm. |
||
| 336 |
_atext _btxt _2rdacontent |
||
| 337 |
_aunmediated _bn _2rdamedia |
||
| 338 |
_avolume _bnc _2rdacarrier |
||
| 504 | _aIncludes bibliographical references and index. | ||
| 520 |
_a"This is a guidebook for landscape architects to learn the fundamental practices and use of the computational software Rhino 3D and the plugin Grasshopper for parametric modelling, landscape inventory, and performative analysis. This process visually connects intangible and abstract information with physical and spatial relationships to signify the impact ecological, climate, and cultural factors have on landscape performance and decision making. Each chapter begins with a summary of the performance method and its application in different projects, outlining the expected goals from industry standard equations and operations. Chapters cover parametric modelling scripts to measure ecosystem services of stormwater management, erosion control, tree benefits, outdoor comfort, accessibility, and many others. Using photographs, tables, and parametric scripts to create qualitative and quantitative representations of landscape performance and ecosystem services, readers will learn to communicate the impact and significance of their outputs. This book will be beneficial to educators, students and professionals interested in using computational modelling as a performance assessment and graphic visualization tool"-- _cProvided by publisher. |
||
| 650 | 0 |
_aLandscape design _xComputer simulation. _9123264 |
|
| 650 | 0 |
_aLandscape design _xGraphic methods. _9123265 |
|
| 776 | 0 | 8 |
_iOnline version: _aZawarus, Phillip. _tLandscape performance modelling using Rhino and Grasshopper _dNew York, NY : Routledge, 2023 _z9781003208020 _w(DLC) 2022026121 |
| 906 |
_a7 _bcbc _corignew _d1 _eecip _f20 _gy-gencatlg |
||
| 942 |
_2ddc _cBK |
||
| 999 |
_c609503 _d609503 |
||